[Event "4th GRENKE Open 2019"]
[Site "Karlsruhe"]
[Date "2019.04.19"]
[Round "3.115"]
[White "Pranav Anand"]
[Black "Adocchio, Giampiero"]
[Result "1/2-1/2"]
[WhiteElo "2359"]
[BlackElo "2165"]
[Annotator "NA"]
[PlyCount "71"]
[EventDate "2019.04.18"]
[EventType "swiss"]
[EventCountry "GER"]
[SourceTitle "playchess.com"]
[Source "ChessBase"]
[SourceQuality "1"]

1. d4 Nf6 2. c4 e6 3. Nc3 Bb4 4. e3 O-O 5. Bd3 d5 6. cxd5 exd5 7. Nge2 b6 8. Bd2 Re8 9. Rc1 Bf8 10. O-O Ba6 11. Bxa6 Nxa6 12. Qa4 Nb8 13. b4 c6 14. b5 c5 15. dxc5 bxc5 16. Nf4 Nbd7 17. Rfd1 d4 18. exd4 cxd4 19. Ncd5 Nxd5 20. Nxd5 Nb6 21. Nxb6 axb6 22. Qc4 Rc8 23. Qb3 Rxc1 24. Bxc1 Bc5 25. Qd3 Qd5 26. a3 h6 27. Kf1 Qe5 28. g3 Qh5 29. Kg2 Qd5+ 30. Qf3 Qc4 31. Qd3 Qd5+ 32. Kg1 Qa2 33. Kf1 Qd5 34. Kg1 Qa2 35. Kf1 Qd5 36. Kg1 1/2-1/2

[Event "4th GRENKE Open 2019"]
[Site "Karlsruhe"]
[Date "2019.04.19"]
[Round "3.116"]
[White "Parkhov, Yair"]
[Black "Knudsen, Simon"]
[Result "1/2-1/2"]
[WhiteElo "2352"]
[BlackElo "2164"]
[Annotator "NA"]
[PlyCount "60"]
[EventDate "2019.04.18"]
[EventType "swiss"]
[EventCountry "GER"]
[SourceTitle "playchess.com"]
[Source "ChessBase"]
[SourceQuality "1"]

1. d4 g6 2. c4 Bg7 3. e4 d6 4. Nc3 e5 5. d5 a5 6. Bd3 Na6 7. Nge2 Ne7 8. Ng3 O-O 9. O-O f5 10. exf5 Nxf5 11. Nce4 b6 12. Nxf5 gxf5 13. Ng3 Bd7 14. Nh5 Bh8 15. f4 e4 16. Be2 Be8 17. Rb1 Bg6 18. Be3 Qe8 19. Ng3 Bf6 20. Bd4 Qe7 21. Qd2 Qg7 22. Rfd1 Bxd4+ 23. Qxd4 Qxd4+ 24. Rxd4 Nc5 25. Nf1 Kg7 26. Ne3 Kf6 27. b3 h5 28. Kf2 h4 29. Rg1 Rh8 30. Ke1 Bh5 1/2-1/2

[Event "4th GRENKE Open 2019"]
[Site "Karlsruhe"]
[Date "2019.04.19"]
[Round "3.117"]
[White "Wedda, Dries"]
[Black "Rafiee, Makan"]
[Result "1-0"]
[WhiteElo "2170"]
[BlackElo "2352"]
[Annotator "NA"]
[PlyCount "104"]
[EventDate "2019.04.18"]
[EventType "swiss"]
[EventCountry "GER"]
[SourceTitle "playchess.com"]
[Source "ChessBase"]
[SourceQuality "1"]

1. d4 d5 2. c4 e6 3. Nf3 Nf6 4. g3 Be7 5. Bg2 O-O 6. O-O dxc4 7. Qc2 a6 8. a4 Bd7 9. Qxc4 Bc6 10. Bg5 Bd5 11. Qc2 Be4 12. Qc1 Nc6 13. Rd1 Nb4 14. Nc3 Bc2 15. Rd2 Bg6 16. Ne5 Nfd5 17. Bxe7 Qxe7 18. e4 Nf6 19. Qe1 a5 20. Qe2 Nd7 21. Nxg6 hxg6 22. h4 Ra6 23. Rad1 Rb6 24. f4 Re8 25. e5 Rd8 26. d5 Nc5 27. dxe6 Nxe6 28. Ne4 Rxd2 29. Rxd2 Nc6 30. h5 g5 31. Qg4 Rb4 32. h6 g6 33. Rd7 Nxe5 34. h7+ Kh8 35. Rxe7 Nxg4 36. Rxf7 Rxb2 37. Re7 Ne3 38. Bf3 g4 39. Nf6 Ng7 40. Rxe3 gxf3 41. Re7 Rc2 42. Rf7 Ne6 43. g4 Rc5 44. Kf2 b5 45. Re7 Ng7 46. f5 gxf5 47. g5 bxa4 48. Rf7 Ne6 49. g6 Rc2+ 50. Kxf3 Rc3+ 51. Ke2 Rg3 52. Re7 Nf4+ 1-0

[Event "4th GRENKE Open 2019"]
[Site "Karlsruhe"]
[Date "2019.04.20"]
[Round "4.1"]
[White "Basso, Pier Luigi"]
[Black "Korobov, Anton"]
[Result "0-1"]
[WhiteElo "2516"]
[BlackElo "2675"]
[Annotator "TA"]
[PlyCount "72"]
[EventDate "2019.04.18"]
[EventType "swiss"]
[EventCountry "GER"]
[SourceTitle "playchess.com"]
[Source "ChessBase"]
[SourceQuality "1"]

1. d4 Nf6 2. c4 g6 3. Nc3 Bg7 4. e4 d6 5. f3 O-O 6. Nge2 Nc6 7. Be3 a6 8. Qd2 Bd7 9. g4 b5 10. Ng3 e5 11. d5 Nd4 12. Be2 bxc4 13. O-O c5 14. Bxc4 Qa5 15. Rac1 Bb5 16. Nb1 Qd8 17. Na3 Nd7 18. Kh1 Nb6 19. b3 Nxc4 20. Nxc4 a5 21. Bg5 Bf6 22. Bh6 Re8 23. f4 a4 24. b4 cxb4 25. fxe5 dxe5 26. g5 Bxc4 27. gxf6 Bxf1 28. Rxf1 Qc8 29. Nf5 Nxf5 30. exf5 Qc4 31. Qg2 Rad8 32. Rd1 e4 33. Bg7 Rxd5 34. Rf1 e3 35. fxg6 hxg6 36. Bh6 e2 0-1

[Event "4th GRENKE Open 2019"]
[Site "Karlsruhe"]
[Date "2019.04.20"]
[Round "4.2"]
[White "Baldauf, Marco"]
[Black "Kuzubov, Yuriy"]
[Result "1/2-1/2"]
[WhiteElo "2493"]
[BlackElo "2653"]
[Annotator "TA"]
[PlyCount "89"]
[EventDate "2019.04.18"]
[EventType "swiss"]
[EventCountry "GER"]
[SourceTitle "playchess.com"]
[Source "ChessBase"]
[SourceQuality "1"]

1. d4 g6 2. c4 Bg7 3. e4 d6 4. Nc3 e5 5. Nf3 Bg4 6. d5 Nd7 7. h3 Bxf3 8. Qxf3 Bh6 9. Bxh6 Nxh6 10. h4 f5 11. exf5 Nxf5 12. h5 Nd4 13. Qd1 Qe7 14. Qd2 gxh5 15. Rxh5 Qf7 16. Rh4 Qg6 17. Ne4 Nc5 18. Nxc5 dxc5 19. O-O-O O-O-O 20. f3 Qa6 21. Kb1 Nf5 22. Re4 Rde8 23. Qc3 Ng3 24. Rg4 Nh5 25. Re1 Nf6 26. Rh4 Qd6 27. Bd3 Rhg8 28. Bf5+ Kb8 29. g4 c6 30. Be6 Rg7 31. Qxe5 Qxe5 32. Rxe5 cxd5 33. cxd5 Nxd5 34. Rxd5 Rxe6 35. Rxc5 Re3 36. Rc3 Re2 37. Rh5 Rd7 38. a3 a6 39. Ka2 Rf7 40. Rd5 Rf2 41. Rdd3 a5 42. Re3 Ka7 43. Kb3 Rf6 44. Ka2 Ka6 45. a4 1/2-1/2

[Event "4th GRENKE Open 2019"]
[Site "Karlsruhe"]
[Date "2019.04.20"]
[Round "4.3"]
[White "Chigaev, Maksim"]
[Black "Nasuta, Grzegorz"]
[Result "1-0"]
[WhiteElo "2634"]
[BlackElo "2516"]
[Annotator "TA"]
[PlyCount "87"]
[EventDate "2019.04.18"]
[EventType "swiss"]
[EventCountry "GER"]
[SourceTitle "playchess.com"]
[Source "ChessBase"]
[SourceQuality "1"]

1. e4 e5 2. Nf3 Nc6 3. Bc4 Bc5 4. d3 Nf6 5. h3 O-O 6. O-O d5 7. exd5 Nxd5 8. Re1 Be6 9. c3 Bb6 10. Bb3 Qd7 11. Na3 Rad8 12. Nc4 f6 13. Nxb6 cxb6 14. d4 exd4 15. Nxd4 Bf7 16. Nxc6 bxc6 17. Qf3 c5 18. Rd1 Qc6 19. Bf4 c4 20. Bc2 Qb5 21. Bc1 Ne7 22. Re1 Ng6 23. a4 Qd7 24. Qh5 Rfe8 25. Rxe8+ Rxe8 26. Be3 Re5 27. Rd1 Rd5 28. Rxd5 Qxd5 29. Qg4 Be6 30. Qg3 Ne5 31. Bd4 Bf7 32. f3 Qe6 33. Be4 Bg6 34. Bxe5 fxe5 35. Qh4 Qd6 36. Bxg6 Qc5+ 37. Qf2 Qxf2+ 38. Kxf2 hxg6 39. Ke3 Kf7 40. Ke4 Ke6 41. f4 exf4 42. Kxf4 Kd5 43. h4 Ke6 44. Ke4 1-0

[Event "4th GRENKE Open 2019"]
[Site "Karlsruhe"]
[Date "2019.04.20"]
[Round "4.4"]
[White "Fridman, Daniel"]
[Black "Dragnev, Valentin"]
[Result "1-0"]
[WhiteElo "2629"]
[BlackElo "2514"]
[Annotator "TA"]
[PlyCount "81"]
[EventDate "2019.04.18"]
[EventType "swiss"]
[EventCountry "GER"]
[SourceTitle "playchess.com"]
[Source "ChessBase"]
[SourceQuality "1"]

1. d4 Nf6 2. Nf3 d5 3. c4 e6 4. g3 Bb4+ 5. Nc3 O-O 6. Bg2 dxc4 7. O-O Nc6 8. Qa4 Nd5 9. Qc2 Be7 10. Rd1 Bd7 11. e4 Ncb4 12. Qd2 Nb6 13. Qe2 Nd3 14. Be3 Bb4 15. Ne5 Nxe5 16. dxe5 Bxc3 17. bxc3 Qe7 18. Rd4 Rfd8 19. Qg4 Kh8 20. Bg5 f6 21. Bh4 Qf7 22. exf6 gxf6 23. Qf4 Rf8 24. e5 fxe5 25. Qxe5+ Qg7 26. Qxc7 Nd5 27. Bxd5 exd5 28. Qxb7 Qf7 29. Rf4 Bf5 30. Qxf7 Rxf7 31. g4 Be6 32. Rxf7 Bxf7 33. Bf6+ Kg8 34. Rb1 Re8 35. f3 Re6 36. Bd4 a6 37. Kf2 Bg6 38. Rb8+ Kf7 39. Rd8 Bd3 40. Be3 Rf6 41. Rd7+ 1-0

[Event "4th GRENKE Open 2019"]
[Site "Karlsruhe"]
[Date "2019.04.20"]
[Round "4.5"]
[White "Pijpers, Arthur"]
[Black "Sethuraman, S.P."]
[Result "1/2-1/2"]
[WhiteElo "2485"]
[BlackElo "2624"]
[Annotator "TA"]
[PlyCount "178"]
[EventDate "2019.04.18"]
[EventType "swiss"]
[EventCountry "GER"]
[SourceTitle "playchess.com"]
[Source "ChessBase"]
[SourceQuality "1"]

1. e4 c6 2. d4 d5 3. e5 Bf5 4. Nf3 e6 5. Be2 Ne7 6. O-O h6 7. Nbd2 Nd7 8. Nb3 g5 9. a4 Bg7 10. a5 O-O 11. c3 Rc8 12. h4 g4 13. Ne1 f6 14. exf6 Nxf6 15. Nd3 Ng6 16. g3 h5 17. Nf4 Qe7 18. Nc5 e5 19. Nxg6 Bxg6 20. dxe5 Qxe5 21. Be3 Qe7 22. Bd3 Bxd3 23. Qxd3 b6 24. axb6 axb6 25. Na4 Ne4 26. Nxb6 Rce8 27. Bf4 Rxf4 28. gxf4 Qxh4 29. Nxd5 cxd5 30. Ra8 Nf6 31. Rxe8+ Nxe8 32. Qxd5+ Kf8 33. Qf5+ Qf6 34. Qc5+ Qd6 35. Qxh5 Qxf4 36. Re1 Nf6 37. Qg6 Qh6 38. Qxh6 Bxh6 39. c4 Kf7 40. c5 Bf8 41. b4 Nd5 42. Re4 g3 43. c6 gxf2+ 44. Kxf2 Bd6 45. Kf3 Nc3 46. Re3 Nb5 47. Kg4 Kf6 48. Re8 Kf7 49. Re4 Kf6 50. Kf3 Nc3 51. Re8 Kf7 52. Rh8 Ke6 53. Ke3 Nd5+ 54. Ke4 Nxb4 55. Rh6+ Ke7 56. Rh7+ Ke6 57. c7 Bxc7 58. Rxc7 Kd6 59. Rc4 Nc6 60. Ra4 Kc5 61. Ra1 Kd6 62. Rc1 Kd7 63. Kd5 Ne7+ 64. Ke5 Nc6+ 65. Kd5 Ne7+ 66. Kc5 Ke6 67. Re1+ Kf6 68. Kd6 Nf5+ 69. Kd5 Ne7+ 70. Ke4 Ke6 71. Rh1 Kf6 72. Rh5 Kg6 73. Ra5 Kf6 74. Ra6+ Kg5 75. Ra5+ Kf6 76. Rb5 Nc8 77. Kd5 Ne7+ 78. Kd6 Nf5+ 79. Kd7 Ne3 80. Ra5 Nf5 81. Ra6+ Ke5 82. Rb6 Nd4 83. Ke7 Nf5+ 84. Kf7 Nd6+ 85. Kg6 Kd5 86. Rb1 Ke5 87. Rd1 Ne4 88. Re1 Kf4 89. Rxe4+ Kxe4 1/2-1/2

[Event "4th GRENKE Open 2019"]
[Site "Karlsruhe"]
[Date "2019.04.20"]
[Round "4.6"]
[White "Petrov, Martin"]
[Black "Esipenko, Andrey"]
[Result "1/2-1/2"]
[WhiteElo "2465"]
[BlackElo "2616"]
[Annotator "RC"]
[PlyCount "53"]
[EventDate "2019.04.18"]
[EventType "swiss"]
[EventCountry "GER"]
[SourceTitle "playchess.com"]
[Source "ChessBase"]
[SourceQuality "1"]

1. e4 e5 2. Nf3 Nc6 3. Bc4 Bc5 4. O-O Nf6 5. d3 d6 6. c3 O-O 7. Re1 h6 8. Nbd2 a5 9. Nf1 a4 10. Bb5 a3 11. b4 Bb6 12. Ne3 Ng4 13. Bc4 Qf6 14. h3 Nxe3 15. Bxe3 Bxe3 16. Rxe3 Ne7 17. d4 Ng6 18. Bf1 Nf4 19. Qd2 g5 20. c4 Kg7 21. c5 Be6 22. cxd6 cxd6 23. Rc1 h5 24. Nxg5 Qxg5 25. Rg3 Bg4 26. Rc2 Rh8 27. f3 1/2-1/2

[Event "4th GRENKE Open 2019"]
[Site "Karlsruhe"]
[Date "2019.04.20"]
[Round "4.7"]
[White "Heimann, Andreas"]
[Black "Sanal, Vahap"]
[Result "1-0"]
[WhiteElo "2616"]
[BlackElo "2513"]
[Annotator "TA"]
[PlyCount "47"]
[EventDate "2019.04.18"]
[EventType "swiss"]
[EventCountry "GER"]
[SourceTitle "playchess.com"]
[Source "ChessBase"]
[SourceQuality "1"]

1. e4 e5 2. Nf3 Nc6 3. Bb5 a6 4. Ba4 Nf6 5. d3 b5 6. Bb3 Bc5 7. Nc3 d6 8. Nd5 h6 9. c3 Rb8 10. d4 Ba7 11. Be3 exd4 12. cxd4 Nxd5 13. Bxd5 Ne7 14. Bb3 O-O 15. O-O Bg4 16. Rc1 a5 17. h3 Bh5 18. Re1 Bg6 19. d5 Bb6 20. Bxb6 Rxb6 21. Nd4 a4 22. Bc2 c6 23. dxc6 Nxc6 24. Ne2 1-0

[Event "4th GRENKE Open 2019"]
[Site "Karlsruhe"]
[Date "2019.04.20"]
[Round "4.8"]
[White "Kevlishvili, Robby"]
[Black "Abdo, Mohamed Amin"]
[Result "1-0"]
[WhiteElo "2451"]
[BlackElo "2042"]
[Annotator "ChessBase"]
[PlyCount "77"]
[EventDate "2019.04.18"]
[EventType "swiss"]
[EventCountry "GER"]
[SourceTitle "playchess.com"]
[Source "ChessBase"]
[SourceQuality "1"]

1. e4 e5 2. Nf3 Nc6 3. Bb5 a6 4. Ba4 d6 5. c3 Bd7 6. d4 g6 7. O-O Bg7 8. Bg5 f6 9. Be3 Nh6 10. dxe5 dxe5 11. Nbd2 Qe7 12. b4 b6 13. Bb3 a5 14. Bd5 Ra7 15. a3 Ng4 16. Nc4 a4 17. Bd2 Nd8 18. h3 Nh6 19. Ne3 Ne6 20. Ba2 Qd8 21. Qc2 Nf7 22. Rad1 O-O 23. Bc1 Qe8 24. Nd5 Kh8 25. Nh2 h5 26. Nf3 Kh7 27. Nh4 Bc8 28. Rd3 Ba6 29. c4 Nd4 30. Rxd4 exd4 31. Nxg6 Kxg6 32. e5+ f5 33. Nf4+ Kh7 34. Qxf5+ Kg8 35. Bb1 Nxe5 36. Qh7+ Kf7 37. Nxh5 Ke7 38. Nxg7 Qf7 39. Qh4+ 1-0

[Event "4th GRENKE Open 2019"]
[Site "Karlsruhe"]
[Date "2019.04.20"]
[Round "4.9"]
[White "Froewis, Georg"]
[Black "Bluebaum, Matthias"]
[Result "1/2-1/2"]
[WhiteElo "2438"]
[BlackElo "2610"]
[Annotator "TA"]
[PlyCount "59"]
[EventDate "2019.04.18"]
[EventType "swiss"]
[EventCountry "GER"]
[SourceTitle "playchess.com"]
[Source "ChessBase"]
[SourceQuality "1"]

1. e4 e6 2. d4 d5 3. Nc3 Nf6 4. exd5 exd5 5. Bf4 Bd6 6. Qd2 O-O 7. Bd3 Nc6 8. Nge2 Nb4 9. Bxd6 Qxd6 10. O-O Nxd3 11. Qxd3 Bd7 12. Rfe1 Rae8 13. Ng3 Re7 14. Rxe7 Qxe7 15. a3 Re8 16. f3 Qd6 17. Qd2 Qb6 18. Nd1 a5 19. c3 Qe6 20. Nf2 Bb5 21. Nh3 g6 22. Kf2 Kg7 23. Nf4 Qd6 24. Re1 Rxe1 25. Kxe1 Qe7+ 26. Kf2 b6 27. h4 h5 28. Nh3 Ne8 29. Nf4 Nf6 30. Nh3 1/2-1/2

[Event "4th GRENKE Open 2019"]
[Site "Karlsruhe"]
[Date "2019.04.20"]
[Round "4.10"]
[White "Svane, Rasmus"]
[Black "Arjun Kalyan"]
[Result "0-1"]
[WhiteElo "2605"]
[BlackElo "2445"]
[Annotator "TA"]
[PlyCount "88"]
[EventDate "2019.04.18"]
[EventType "swiss"]
[EventCountry "GER"]
[SourceTitle "playchess.com"]
[Source "ChessBase"]
[SourceQuality "1"]

1. Nf3 d5 2. g3 Bg4 3. Bg2 c6 4. O-O Nd7 5. h3 Bh5 6. d4 Ngf6 7. c4 e6 8. cxd5 exd5 9. Nh4 Bg6 10. Nc3 Be7 11. f3 Bd6 12. g4 O-O 13. Nxg6 hxg6 14. e4 c5 15. e5 cxd4 16. exf6 dxc3 17. fxg7 Re8 18. bxc3 Nb6 19. f4 Qf6 20. a4 Rad8 21. Rb1 Rd7 22. Kh1 Rde7 23. a5 Nc4 24. Qxd5 Qxc3 25. Bb2 Nxb2 26. Qxd6 Re2 27. f5 gxf5 28. Rxf5 R2e6 29. Qd7 R6e7 30. Qb5 Re1+ 31. Rf1 Nd3 32. Qf5 R8e7 33. Bd5 Rxf1+ 34. Rxf1 Ne5 35. Bg2 Ng6 36. Qd5 Kxg7 37. Qd6 Qxa5 38. Qf6+ Kg8 39. Rd1 Re1+ 40. Rxe1 Qxe1+ 41. Kh2 b5 42. Qa6 Qe5+ 43. Kh1 b4 44. Qxa7 b3 0-1

[Event "4th GRENKE Open 2019"]
[Site "Karlsruhe"]
[Date "2019.04.20"]
[Round "4.11"]
[White "Carow, Johannes"]
[Black "Bogner, Sebastian"]
[Result "1/2-1/2"]
[WhiteElo "2434"]
[BlackElo "2603"]
[Annotator "RC"]
[PlyCount "37"]
[EventDate "2019.04.18"]
[EventType "swiss"]
[EventCountry "GER"]
[SourceTitle "playchess.com"]
[Source "ChessBase"]
[SourceQuality "1"]

1. d4 Nf6 2. c4 e6 3. Nc3 Bb4 4. e3 O-O 5. Nge2 d5 6. a3 Be7 7. cxd5 exd5 8. Nf4 c6 9. Bd3 Na6 10. O-O Nc7 11. f3 c5 12. dxc5 Bxc5 13. Bc2 Re8 14. Re1 a5 15. Qd3 g6 16. Nce2 b6 17. Nd4 a4 18. Qd1 Bd7 19. Bd2 1/2-1/2

[Event "4th GRENKE Open 2019"]
[Site "Karlsruhe"]
[Date "2019.04.20"]
[Round "4.12"]
[White "Papp, Gabor"]
[Black "Garriga Cazorla, Pere"]
[Result "1-0"]
[WhiteElo "2598"]
[BlackElo "2445"]
[Annotator "TA"]
[PlyCount "69"]
[EventDate "2019.04.18"]
[EventType "swiss"]
[EventCountry "GER"]
[SourceTitle "playchess.com"]
[Source "ChessBase"]
[SourceQuality "1"]

1. e4 c5 2. Nf3 d6 3. d4 cxd4 4. Nxd4 Nf6 5. Nc3 a6 6. Bg5 Nbd7 7. Bc4 Qb6 8. Bb3 e6 9. Qd2 Be7 10. O-O-O Nc5 11. Rhe1 Qc7 12. f4 h6 13. e5 dxe5 14. fxe5 Nh7 15. Bxe7 Qxe7 16. Nf5 Qg5 17. Nxg7+ Kf8 18. Re3 Bd7 19. Qd6+ Qe7 20. Nf5 Qxd6 21. Nxd6 Ke7 22. Bd5 exd5 23. Nxd5+ Ke6 24. b4 Na4 25. Nc7+ Ke7 26. Nxa8 Rxa8 27. Nxf7 a5 28. Nxh6 axb4 29. Rg3 Nf8 30. Rg7+ Ke6 31. Rd6+ Kxe5 32. Nf7+ Kf5 33. Rg5+ Kf4 34. Rf6+ Ke3 35. Re5+ 1-0

[Event "4th GRENKE Open 2019"]
[Site "Karlsruhe"]
[Date "2019.04.20"]
[Round "4.13"]
[White "Parvanyan, Ashot"]
[Black "Van Foreest, Jorden"]
[Result "1/2-1/2"]
[WhiteElo "2409"]
[BlackElo "2598"]
[Annotator "TA"]
[PlyCount "75"]
[EventDate "2019.04.18"]
[EventType "swiss"]
[EventCountry "GER"]
[SourceTitle "playchess.com"]
[Source "ChessBase"]
[SourceQuality "1"]

1. Nf3 d5 2. d4 Nf6 3. c4 e6 4. g3 Bb4+ 5. Bd2 Be7 6. Bg2 O-O 7. O-O c6 8. Qb3 b6 9. Nc3 Ba6 10. cxd5 cxd5 11. Rfc1 Nc6 12. Nxd5 Qxd5 13. Qxd5 Nxd5 14. Rxc6 Bxe2 15. Ne5 Bb5 16. Rc2 Rfd8 17. a4 Be8 18. Nc6 Bxc6 19. Rxc6 Bf6 20. Be3 h6 21. a5 bxa5 22. Rxa5 Nxe3 23. fxe3 Rab8 24. Rc2 Rb3 25. Kf2 Rdb8 26. Rxa7 Rxb2 27. Rac7 Rxc2+ 28. Rxc2 g6 29. d5 exd5 30. Bxd5 Rb2 31. Rxb2 Bxb2 32. Kf3 h5 33. h3 Kg7 34. Bb3 Bc3 35. Bc4 Bb2 36. Bb3 Bc3 37. Bc4 Bb2 38. Bb3 1/2-1/2

[Event "4th GRENKE Open 2019"]
[Site "Karlsruhe"]
[Date "2019.04.20"]
[Round "4.14"]
[White "Indjic, Aleksandar"]
[Black "Lagunow, Raphael"]
[Result "1-0"]
[WhiteElo "2592"]
[BlackElo "2428"]
[Annotator "TA"]
[PlyCount "63"]
[EventDate "2019.04.18"]
[EventType "swiss"]
[EventCountry "GER"]
[SourceTitle "playchess.com"]
[Source "ChessBase"]
[SourceQuality "1"]

1. d4 d5 2. c4 c6 3. Nc3 Nf6 4. Nf3 e6 5. Bg5 h6 6. Bh4 dxc4 7. e4 g5 8. Bg3 b5 9. h4 g4 10. Ne5 h5 11. Bf4 Bb7 12. f3 Nbd7 13. Qc2 Nxe5 14. dxe5 Nd7 15. O-O-O Qc7 16. Bg5 Bh6 17. f4 Bxg5 18. hxg5 O-O-O 19. Rd6 Nc5 20. Rxd8+ Qxd8 21. Be2 Qd4 22. Qd2 Qxd2+ 23. Kxd2 b4 24. Ke3 bxc3 25. bxc3 Na4 26. f5 exf5 27. Bxc4 Kd7 28. Bxf7 Ke7 29. g6 f4+ 30. Kxf4 Rf8 31. Ke3 Nxc3 32. e6 1-0

[Event "4th GRENKE Open 2019"]
[Site "Karlsruhe"]
[Date "2019.04.20"]
[Round "4.15"]
[White "Donchenko, Alexander"]
[Black "Gilevych, Artem"]
[Result "1/2-1/2"]
[WhiteElo "2584"]
[BlackElo "2423"]
[Annotator "TA"]
[PlyCount "81"]
[EventDate "2019.04.18"]
[EventType "swiss"]
[EventCountry "GER"]
[SourceTitle "playchess.com"]
[Source "ChessBase"]
[SourceQuality "1"]

1. d4 e6 2. c4 d5 3. Nf3 Nf6 4. g3 dxc4 5. Bg2 Bb4+ 6. Bd2 a5 7. Qc2 Bxd2+ 8. Qxd2 c6 9. a4 Ne4 10. Qf4 Qb6 11. O-O Qxb2 12. Ne5 O-O 13. Na3 Nc3 14. Qe3 Qb4 15. Naxc4 Nd5 16. Qd3 f6 17. Rab1 Qe7 18. Nf3 b5 19. axb5 cxb5 20. Rxb5 Ba6 21. Rbb1 Nd7 22. Nfd2 Rac8 23. Rfc1 Rc7 24. e4 N5b6 25. Qa3 Qxa3 26. Nxa3 Rfc8 27. Rxc7 Rxc7 28. Bf1 Bxf1 29. Kxf1 Rc3 30. Nb5 Rc2 31. Ke1 Kf7 32. Kd1 Rc6 33. Ke2 Ke7 34. Kd3 f5 35. exf5 exf5 36. Ra1 a4 37. Nc3 Rd6 38. Ke3 Nf6 39. Nxa4 Ng4+ 40. Ke2 Re6+ 41. Kf1 1/2-1/2

[Event "4th GRENKE Open 2019"]
[Site "Karlsruhe"]
[Date "2019.04.20"]
[Round "4.16"]
[White "Menezes, Christoph"]
[Black "Gareyev, Timur"]
[Result "1/2-1/2"]
[WhiteElo "2399"]
[BlackElo "2560"]
[Annotator "TA"]
[PlyCount "85"]
[EventDate "2019.04.18"]
[EventType "swiss"]
[EventCountry "GER"]
[SourceTitle "playchess.com"]
[Source "ChessBase"]
[SourceQuality "1"]

1. d4 Nf6 2. c4 e6 3. Nf3 a6 4. Nc3 c5 5. d5 exd5 6. cxd5 d6 7. a4 g6 8. Bf4 Nh5 9. Bg5 f6 10. Bd2 Bg7 11. e4 O-O 12. Be2 f5 13. exf5 Bxf5 14. O-O Nf6 15. Nh4 Bc8 16. g3 Re8 17. Qc2 Bg4 18. Bxg4 Nxg4 19. Ne4 Nd7 20. Nxd6 Re2 21. Rae1 Rxe1 22. Rxe1 Nde5 23. Nc4 Qxd5 24. Nb6 Qf7 25. Bc3 Re8 26. Bxe5 Nxe5 27. Nc4 Nxc4 28. Rxe8+ Qxe8 29. Qxc4+ Qf7 30. Qxc5 Bxb2 31. Kg2 Qd7 32. Qc4+ Kg7 33. Nf3 b5 34. axb5 axb5 35. Qb4 Bf6 36. Nd2 Qd5+ 37. Ne4 Kf7 38. f3 Be7 39. Qb2 b4 40. Qh8 Qa2+ 41. Kg1 Qb1+ 42. Kg2 Qa2+ 43. Kg1 1/2-1/2

[Event "4th GRENKE Open 2019"]
[Site "Karlsruhe"]
[Date "2019.04.20"]
[Round "4.17"]
[White "Hakobyan, Aram"]
[Black "Inkiov, Ventzislav"]
[Result "1/2-1/2"]
[WhiteElo "2554"]
[BlackElo "2421"]
[Annotator "TA"]
[PlyCount "59"]
[EventDate "2019.04.18"]
[EventType "swiss"]
[EventCountry "GER"]
[SourceTitle "playchess.com"]
[Source "ChessBase"]
[SourceQuality "1"]

1. e4 c5 2. Nf3 d6 3. Bb5+ Bd7 4. Bxd7+ Nxd7 5. O-O Ngf6 6. Qe2 e6 7. c4 Ne5 8. Rd1 Be7 9. Nc3 O-O 10. d4 Nxf3+ 11. Qxf3 cxd4 12. Rxd4 Qb6 13. Rd1 Qc6 14. b3 a6 15. Ba3 Rfe8 16. Rac1 Nd7 17. Qg3 Nc5 18. Bb2 Bf8 19. f3 b5 20. cxb5 Qb6 21. Qf2 axb5 22. b4 Nd7 23. Qxb6 Nxb6 24. Nxb5 Rxa2 25. Nxd6 Bxd6 26. Rxd6 Rxb2 27. Rxb6 g6 28. Rbc6 Rxb4 29. Rc8 Rxc8 30. Rxc8+ 1/2-1/2

[Event "4th GRENKE Open 2019"]
[Site "Karlsruhe"]
[Date "2019.04.20"]
[Round "4.18"]
[White "Antal, Gergely"]
[Black "Low, Zhen Yu Cyrus"]
[Result "0-1"]
[WhiteElo "2552"]
[BlackElo "2418"]
[Annotator "TA"]
[PlyCount "50"]
[EventDate "2019.04.18"]
[EventType "swiss"]
[EventCountry "GER"]
[SourceTitle "playchess.com"]
[Source "ChessBase"]
[SourceQuality "1"]

1. e4 c5 2. Nf3 d6 3. Bb5+ Nd7 4. O-O a6 5. Bd3 Ngf6 6. Re1 e6 7. c3 b5 8. a4 Bb7 9. Bc2 Be7 10. d4 O-O 11. Nbd2 Qc7 12. e5 Nd5 13. Ne4 dxe5 14. dxe5 h6 15. Ng3 Rfd8 16. axb5 axb5 17. Rxa8 Rxa8 18. Nh5 g6 19. Bxh6 gxh5 20. Ng5 Bxg5 21. Bxg5 Nxe5 22. Qxh5 f5 23. Qh6 Qf7 24. Rxe5 Ra1+ 25. Bc1 Qf6 0-1

[Event "4th GRENKE Open 2019"]
[Site "Karlsruhe"]
[Date "2019.04.20"]
[Round "4.19"]
[White "Bronstein, Or"]
[Black "Pavlidis, Antonios"]
[Result "0-1"]
[WhiteElo "2387"]
[BlackElo "2537"]
[Annotator "TA"]
[PlyCount "84"]
[EventDate "2019.04.18"]
[EventType "swiss"]
[EventCountry "GER"]
[SourceTitle "playchess.com"]
[Source "ChessBase"]
[SourceQuality "1"]

1. d4 Nf6 2. c4 g6 3. Nc3 Bg7 4. e4 d6 5. Be2 O-O 6. Be3 Nc6 7. d5 Nb4 8. Nf3 c6 9. O-O Na6 10. Rc1 Bd7 11. a3 Ng4 12. Bf4 cxd5 13. cxd5 Rc8 14. h3 Nf6 15. e5 dxe5 16. Nxe5 Nc5 17. Nxd7 Qxd7 18. d6 exd6 19. Qxd6 Qxd6 20. Bxd6 Rfd8 21. Be7 Re8 22. Bxc5 Rxc5 23. Bf3 Nh5 24. Nd5 Rxc1 25. Rxc1 Bxb2 26. Rb1 Bd4 27. g4 Ng7 28. Nc7 Rc8 29. Rxb7 Be5 30. Nd5 Rc1+ 31. Kg2 Ne6 32. Rxa7 Rc2 33. Ra8+ Kg7 34. Kf1 Rc1+ 35. Kg2 Bd4 36. Be2 Rc5 37. Ne3 Nf4+ 38. Kf3 Nxh3 39. Ke4 Be5 40. Nd1 Bd6 41. Bf1 Ng5+ 42. Kd3 Rd5+ 0-1

[Event "4th GRENKE Open 2019"]
[Site "Karlsruhe"]
[Date "2019.04.20"]
[Round "4.20"]
[White "Linster, Philippe"]
[Black "Gukesh D"]
[Result "0-1"]
[WhiteElo "2294"]
[BlackElo "2536"]
[Annotator "ChessBase"]
[PlyCount "98"]
[EventDate "2019.04.18"]
[EventType "swiss"]
[EventCountry "GER"]
[SourceTitle "playchess.com"]
[Source "ChessBase"]
[SourceQuality "1"]

1. c4 g6 2. g3 Bg7 3. d4 Nf6 4. Bg2 O-O 5. Nc3 d6 6. Nf3 Nbd7 7. O-O e5 8. e4 exd4 9. Nxd4 Re8 10. h3 a6 11. Re1 Rb8 12. a4 a5 13. Ndb5 b6 14. Bf4 Bb7 15. Nxc7 Qxc7 16. Nb5 Qc6 17. Nxd6 Ba8 18. Nxe8 Rxe8 19. Qd6 Qxc4 20. Rac1 Qe6 21. Qxe6 fxe6 22. Bd6 Bf8 23. Bxf8 Kxf8 24. Rc7 Nc5 25. e5 Nfd7 26. f4 Ke7 27. Rd1 Bxg2 28. Kxg2 Ra8 29. Rd4 h6 30. Kf3 Kd8 31. Rc6 Rb8 32. g4 Ke7 33. Rc7 b5 34. axb5 Rxb5 35. Rd2 Rb3+ 36. Kg2 Nd3 37. Kf1 g5 38. fxg5 hxg5 39. Ra7 N3xe5 40. Rc2 Rxh3 41. Rxa5 Nxg4 42. Rc7 Ne3+ 43. Kg1 Nd5 44. Rb7 Rd3 45. b4 g4 46. b5 g3 47. b6 Nf4 48. Ra1 Rd2 49. Rba7 Nh3+ 0-1